Eustace diamonds (Record no. 629)
[ view plain ]
| 000 -LEADER | |
|---|---|
| fixed length control field | 00428nam a2200133 4500 |
| 082 ## - DEWEY DECIMAL CLASSIFICATION NUMBER | |
| Classification number | 823.8 |
| Item number | TROeus |
| 100 ## - MAIN ENTRY--PERSONAL NAME | |
| Personal name | Trollope,Anthony |
| 245 ## - TITLE STATEMENT | |
| Title | Eustace diamonds |
| Statement of responsibility, etc. | Anthony Trollope; with a preface by Michael Sadleir;Illustrations by Blair Hughes-Stanton |
| 260 ## - PUBLICATION, DISTRIBUTION, ETC. | |
| Place of publication, distribution, etc. | London |
| Name of publisher, distributor, etc. | Oxford University Press |
| Date of publication, distribution, etc. | 1973 |
| 300 ## - PHYSICAL DESCRIPTION | |
| Extent | 2v.in 1.ill.; 18cm |
| 490 ## - SERIES STATEMENT | |
| Series statement | Palliser novels |
| 710 ## - ADDED ENTRY--CORPORATE NAME | |
| Corporate name or jurisdiction name as entry element | Sadleir,Michael |
| 710 ## - ADDED ENTRY--CORPORATE NAME | |
| Corporate name or jurisdiction name as entry element | Hughes-Stanton,Blair |
| Withdrawn status | Lost status | Damaged status | Not for loan | Collection code | Home library | Current library | Date acquired | Total Checkouts | Full call number | Barcode | Date last seen | Date last checked out | Price effective from | Koha item type |
|---|---|---|---|---|---|---|---|---|---|---|---|---|---|---|
| ENGLISH | North Eastern Hill University | North Eastern Hill University | 18/11/2011 | 1 | 823.8 TROeus | A3325 | 01/06/2012 | 23/05/2012 | 18/11/2011 | Books |
